<?xml version="1.0" encoding="UTF-8"?>
<record
    xmlns:xsi="http://www.w3.org/2001/XMLSchema-instance"
    xsi:schemaLocation="http://www.loc.gov/MARC21/slim http://www.loc.gov/standards/marcxml/schema/MARC21slim.xsd"
    xmlns="http://www.loc.gov/MARC21/slim">

  <leader>02176nam a22001457a 4500</leader>
  <controlfield tag="008">120815t        xxu||||| |||| 00| 0 eng d</controlfield>
  <datafield tag="245" ind1=" " ind2=" ">
    <subfield code="a">International agricultural and human nutrition. /</subfield>
  </datafield>
  <datafield tag="260" ind1=" " ind2=" ">
    <subfield code="a">Washington D.C. :</subfield>
    <subfield code="b">International Food Policy Research,</subfield>
    <subfield code="c">1984.</subfield>
  </datafield>
  <datafield tag="300" ind1=" " ind2=" ">
    <subfield code="a">xvii, 326 p.:</subfield>
    <subfield code="b">ill.;</subfield>
    <subfield code="c">20cm.</subfield>
  </datafield>
  <datafield tag="505" ind1=" " ind2=" ">
    <subfield code="a">Contents: Introduction -- Summary of workshop discussions and recommendations -- Incorporating nutritional goals into design of international agricultural research: an overview -- Nutritional objectives in agricultural research the case of CIAT -- Nutrition in agricultural research at CIMMYT -- The Incorporation of nutrirional goals into the research design of CIP -- The Function of plant genetic resources in improvement of nutritional quality with emphasis on activities undertaken by IBPGR  --  Nutritional dimensions of agricultural research at ICARDA -- ICRISAT research and human nutrition -- Nutrition - related food policy research at IFPRI -- Nutrition in the research and training activities -- Incorporating nutritional goals into international agricultural research: an ILCA perspective -- ILRAD'S research programme: its relevance to improved human nutrition -- Contributions of modern rice varieties to nutrition in Asia - an IRRI perspective -- Incorporating nutritional goals into the design of international agricultural research: the role of ISNAR -- Nutritional goals and activites of the AVRDC research program -- The Effects of the international agricultural research centers on human nutrition catalog and commentary -- Incorporating nutritional concerns into the establishment of commodity priorities international agricultural research -- Incorporating nutritional concerns into the specifications of desired technology characteristics in international agricultural research -- Discussion: Agricultural science planning -- A Strategy to eradicate malnutrition -- Discussion: Guido Gryseels -- Production research at the international agricultural research centers and nutritional goals -- Participants and observers.</subfield>
  </datafield>
  <datafield tag="650" ind1=" " ind2=" ">
    <subfield code="a">Agriculture</subfield>
    <subfield code="x">Nutrition</subfield>
  </datafield>
  <datafield tag="700" ind1=" " ind2=" ">
    <subfield code="a">Berg, Alan.</subfield>
  </datafield>
  <datafield tag="700" ind1=" " ind2=" ">
    <subfield code="a">Forman, Martin</subfield>
  </datafield>
  <datafield tag="942" ind1=" " ind2=" ">
    <subfield code="2">lcc</subfield>
    <subfield code="c">BK</subfield>
  </datafield>
  <datafield tag="999" ind1=" " ind2=" ">
    <subfield code="c">2026</subfield>
    <subfield code="d">9526</subfield>
  </datafield>
  <datafield tag="952" ind1=" " ind2=" ">
    <subfield code="0">0</subfield>
    <subfield code="1">0</subfield>
    <subfield code="2">lcc</subfield>
    <subfield code="4">0</subfield>
    <subfield code="7">0</subfield>
    <subfield code="a">WIUC-1</subfield>
    <subfield code="b">WIUC-1</subfield>
    <subfield code="c">GEN</subfield>
    <subfield code="d">2012-08-15</subfield>
    <subfield code="l">0</subfield>
    <subfield code="o">S539.7.I58</subfield>
    <subfield code="p">5927/12</subfield>
    <subfield code="r">2012-08-15 00:00:00</subfield>
    <subfield code="t">1</subfield>
    <subfield code="w">2012-08-15</subfield>
    <subfield code="y">BK</subfield>
  </datafield>
</record>
